[Event "WCO2014"]
[Site "Tromso"]
[Date "2014.08.03"]
[Round "2.4"]
[WhiteID "205745"]
[White "Dierckens Sarah"]
[BlackID "1212915"]
[Black "Foisor Sabina-Francesca"]
[Result "0-1"]
[LiveChessVersion "1.4.3"]
[BlackElo "2252"]
[WhiteElo "1873"]

1. e4 {[%clk 1:30:56]} e6 {[%clk 1:30:50]} 2. d4 {[%clk 1:31:20]} d5
{[%clk 1:31:12]} 3. Nc3 {[%clk 1:31:41]} Bb4 {[%clk 1:31:33]} 4. e5
{[%clk 1:31:55]} c5 {[%clk 1:31:45]} 5. a3 {[%clk 1:31:51]} Bxc3+
{[%clk 1:32:08]} 6. bxc3 {[%clk 1:32:15]} Ne7 {[%clk 1:32:15]} 7. Qg4
{[%clk 1:30:44]} O-O {[%clk 1:31:43]} 8. h4 {[%clk 1:28:29]} f5 {[%clk 1:20:47]}
9. exf6 {[%clk 1:17:50]} Rxf6 {[%clk 1:21:03]} 10. Bg5 {[%clk 1:18:09]} Rf7
{[%clk 1:20:56]} 11. dxc5 {[%clk 1:09:49]} Nbc6 {[%clk 1:18:24]} 12. Qa4
{[%clk 1:00:28]} Qf8 {[%clk 1:12:26]} 13. Nf3 {[%clk 0:58:16]} e5
{[%clk 1:09:46]} 14. Qb3 {[%clk 0:53:05]} h6 {[%clk 0:41:04]} 15. Be3
{[%clk 0:44:38]} Rb8 {[%clk 0:36:37]} 16. O-O-O {[%clk 0:38:04]} Be6
{[%clk 0:36:26]} 17. Qa4 {[%clk 0:37:07]} Nf5 {[%clk 0:35:31]} 18. Nxe5
{[%clk 0:29:53]} Nxe3 {[%clk 0:28:36]} 19. Ng6 {[%clk 0:29:04]} Qxc5
{[%clk 0:27:58]} 20. fxe3 {[%clk 0:26:31]} b5 {[%clk 0:24:47]} 21. Qb3
{[%clk 0:26:00]} Qxe3+ {[%clk 0:25:01]} 22. Kb1 {[%clk 0:25:17]} d4
{[%clk 0:25:13]} 23. Qb2 {[%clk 0:25:03]} dxc3 {[%clk 0:24:27]} 24. Qa1
{[%clk 0:24:21]} b4 {[%clk 0:23:56]} 25. a4 {[%clk 0:23:41]} b3 {[%clk 0:23:38]}
26. Bd3 {[%clk 0:21:02]} bxc2+ {[%clk 0:23:26]} 27. Kxc2 {[%clk 0:21:26]} Rf2+
{[%clk 0:23:47]} 28. Kxc3 {[%clk 0:21:44]} Rb3# {[%clk 0:24:07]} 0-1

[Event "WCO2014"]
[Site "Tromso"]
[Date "2014.08.03"]
[Round "2.32"]
[WhiteID "10202587"]
[White "Shamima Akter Liza"]
[BlackID "13300601"]
[Black "Mkrtchian Lilit"]
[Result "0-1"]
[LiveChessVersion "1.4.3"]
[BlackElo "2453"]
[WhiteElo "2147"]

1. d4 {[%clk 1:30:51]} Nf6 {[%clk 1:30:53]} 2. c4 {[%clk 1:31:10]} e6
{[%clk 1:31:19]} 3. Nc3 {[%clk 1:31:30]} Bb4 {[%clk 1:31:42]} 4. f3
{[%clk 1:31:18]} d5 {[%clk 1:30:59]} 5. a3 {[%clk 1:31:22]} Bxc3+
{[%clk 1:31:16]} 6. bxc3 {[%clk 1:31:46]} c5 {[%clk 1:31:11]} 7. cxd5
{[%clk 1:30:59]} Nxd5 {[%clk 1:31:15]} 8. dxc5 {[%clk 1:30:01]} f5
{[%clk 1:30:47]} 9. e3 {[%clk 1:17:06]} Qa5 {[%clk 1:27:04]} 10. Qb3
{[%clk 1:11:41]} Nd7 {[%clk 1:15:04]} 11. e4 {[%clk 0:45:40]} fxe4
{[%clk 1:11:32]} 12. fxe4 {[%clk 0:45:50]} Qxc3+ {[%clk 1:11:01]} 13. Qxc3
{[%clk 0:45:13]} Nxc3 {[%clk 1:11:28]} 14. Be3 {[%clk 0:23:49]} Nxe4
{[%clk 1:09:52]} 15. Rc1 {[%clk 0:18:30]} b6 {[%clk 0:51:58]} 16. Bb5
{[%clk 0:15:54]} Nexc5 {[%clk 0:51:35]} 17. Nf3 {[%clk 0:08:58]} O-O
{[%clk 0:48:10]} 18. O-O {[%clk 0:07:17]} Ba6 {[%clk 0:25:33]} 19. Bxc5
{[%clk 0:04:06]} Bxb5 {[%clk 0:25:07]} 20. Bxf8 {[%clk 0:04:05]} Bxf1
{[%clk 0:25:31]} 21. Bd6 {[%clk 0:04:11]} Ba6 {[%clk 0:21:55]} 22. Rc7
{[%clk 0:02:38]} Nf6 {[%clk 0:22:07]} 23. Be5 {[%clk 0:02:01]} Ne8
{[%clk 0:19:10]} 24. Re7 {[%clk 0:01:25]} Bc4 {[%clk 0:19:19]} 25. Ng5
{[%clk 0:01:15]} Bd5 {[%clk 0:11:16]} 26. Nxe6 {[%clk 0:00:45]} Bxe6
{[%clk 0:11:27]} 27. Rxe6 {[%clk 0:01:10]} Kf7 {[%clk 0:11:53]} 28. Rc6
{[%clk 0:01:32]} Rd8 {[%clk 0:12:12]} 29. h3 {[%clk 0:01:03]} Rd5
{[%clk 0:12:00]} 30. Bb8 {[%clk 0:00:49]} Ra5 {[%clk 0:12:11]} 31. Rc3
{[%clk 0:00:48]} Ke6 {[%clk 0:11:16]} 32. Re3+ {[%clk 0:00:37]} Kd7
{[%clk 0:11:33]} 33. Be5 {[%clk 0:00:36]} g6 {[%clk 0:10:31]} 34. g4
{[%clk 0:00:37]} Nd6 {[%clk 0:08:32]} 35. Bf6 {[%clk 0:00:41]} Kc6
{[%clk 0:07:24]} 36. Re7 {[%clk 0:00:33]} h5 {[%clk 0:06:24]} 37. gxh5
{[%clk 0:00:36]} gxh5 {[%clk 0:06:27]} 38. Re3 {[%clk 0:00:48]} Nc4
{[%clk 0:06:32]} 39. Rc3 {[%clk 0:00:59]} Kd5 {[%clk 0:06:25]} 40. Be7
{[%clk 0:01:11]} Ra4 {[%clk 0:05:37]} 41. Kg2 {[%clk 0:24:43]} Ne5
{[%clk 0:34:42]} 42. Rb3 {[%clk 0:21:28]} Rc4 {[%clk 0:33:47]} 43. Bf6
{[%clk 0:15:04]} Ng6 {[%clk 0:29:09]} 44. Bg5 {[%clk 0:11:08]} Ke4
{[%clk 0:26:36]} 45. Kg3 {[%clk 0:06:56]} Kf5 {[%clk 0:24:17]} 46. h4
{[%clk 0:05:32]} Ne5 {[%clk 0:19:57]} 47. Kh3 {[%clk 0:04:07]} Rd4
{[%clk 0:19:43]} 48. Kg2 {[%clk 0:01:17]} Rd3 {[%clk 0:18:08]} 49. Rb4
{[%clk 0:01:15]} Rxa3 {[%clk 0:17:21]} 50. Rf4+ {[%clk 0:01:26]} Kg6
{[%clk 0:14:09]} 51. Rf6+ {[%clk 0:01:39]} Kg7 {[%clk 0:14:08]} 52. Re6
{[%clk 0:01:51]} Ng6 {[%clk 0:14:15]} 53. Rc6 {[%clk 0:01:59]} Ra4
{[%clk 0:10:20]} 54. Rc7+ {[%clk 0:01:55]} Kg8 {[%clk 0:10:46]} 55. Rc8+
{[%clk 0:00:52]} Kf7 {[%clk 0:11:12]} 56. Rc7+ {[%clk 0:01:13]} Ke8
{[%clk 0:11:28]} 57. Kh3 {[%clk 0:01:20]} b5 {[%clk 0:07:45]} 58. Rc6
{[%clk 0:00:36]} Nf4+ {[%clk 0:06:18]} 59. Kg3 {[%clk 0:00:52]} Ne2+
{[%clk 0:06:34]} 60. Kf2 {[%clk 0:01:02]} Nd4 {[%clk 0:06:39]} 61. Rh6
{[%clk 0:00:51]} Ra2+ {[%clk 0:06:58]} 62. Kf1 {[%clk 0:01:03]} b4
{[%clk 0:05:24]} 63. Be3 {[%clk 0:00:36]} Nf5 {[%clk 0:05:43]} 64. Rh8+
{[%clk 0:00:34]} Kf7 {[%clk 0:05:45]} 65. Bc5 {[%clk 0:00:49]} b3
{[%clk 0:06:03]} 0-1

[Event "WCO2014"]
[Site "Tromso"]
[Date "2014.08.03"]
[Round "2.31"]
[WhiteID "13301314"]
[White "Galojan Lilit"]
[BlackID "10201734"]
[Black "Khan Nazrana"]
[Result "1-0"]
[LiveChessVersion "1.4.3"]
[BlackElo "2001"]
[WhiteElo "2275"]

1. d4 {[%clk 1:30:53]} d5 {[%clk 1:30:57]} 2. c4 {[%clk 1:31:17]} e6
{[%clk 1:31:16]} 3. Nc3 {[%clk 1:31:38]} Nf6 {[%clk 1:31:36]} 4. cxd5
{[%clk 1:31:59]} exd5 {[%clk 1:31:30]} 5. Bg5 {[%clk 1:32:18]} Be7
{[%clk 1:30:58]} 6. e3 {[%clk 1:32:18]} c6 {[%clk 1:30:29]} 7. Bd3
{[%clk 1:32:15]} Nbd7 {[%clk 1:30:10]} 8. Nge2 {[%clk 1:31:52]} O-O
{[%clk 1:28:35]} 9. Qc2 {[%clk 1:21:03]} Re8 {[%clk 1:27:55]} 10. O-O
{[%clk 1:16:39]} Nf8 {[%clk 1:27:33]} 11. f3 {[%clk 1:16:00]} Nh5
{[%clk 1:20:49]} 12. Bxe7 {[%clk 1:15:33]} Qxe7 {[%clk 1:21:15]} 13. e4
{[%clk 1:15:34]} dxe4 {[%clk 1:14:01]} 14. fxe4 {[%clk 1:16:02]} g6
{[%clk 1:07:47]} 15. Rf2 {[%clk 1:06:47]} Ne6 {[%clk 1:03:55]} 16. Raf1
{[%clk 1:04:15]} Rf8 {[%clk 1:03:03]} 17. Qd2 {[%clk 0:40:40]} a5
{[%clk 0:54:48]} 18. a3 {[%clk 0:28:46]} Nd8 {[%clk 0:40:08]} 19. d5
{[%clk 0:21:51]} Qc5 {[%clk 0:28:38]} 20. Kh1 {[%clk 0:16:39]} b5
{[%clk 0:26:36]} 21. dxc6 {[%clk 0:15:44]} b4 {[%clk 0:26:21]} 22. Nd5
{[%clk 0:13:32]} Nxc6 {[%clk 0:25:16]} 23. Nef4 {[%clk 0:13:57]} Nxf4
{[%clk 0:22:26]} 24. Rxf4 {[%clk 0:09:11]} Ne5 {[%clk 0:19:40]} 25. Nf6+
{[%clk 0:07:19]} Kg7 {[%clk 0:08:51]} 26. Rh4 {[%clk 0:07:29]} Bf5
{[%clk 0:08:29]} 1-0

[Event "WCO2014"]
[Site "Tromso"]
[Date "2014.08.03"]
[Round "2.30"]
[WhiteID "10200096"]
[White "Hamid Rani"]
[BlackID "4129709"]
[Black "Kursova Maria"]
[Result "0-1"]
[LiveChessVersion "1.4.3"]
[BlackElo "2313"]
[WhiteElo "1995"]

1. e4 {[%clk 1:30:56]} c5 {[%clk 1:30:56]} 2. Nf3 {[%clk 1:31:20]} e6
{[%clk 1:31:22]} 3. d4 {[%clk 1:31:44]} cxd4 {[%clk 1:31:47]} 4. Nxd4
{[%clk 1:32:10]} a6 {[%clk 1:32:12]} 5. Nc3 {[%clk 1:31:17]} b5 {[%clk 1:32:06]}
6. Bd3 {[%clk 1:31:18]} Bb7 {[%clk 1:28:12]} 7. O-O {[%clk 1:31:19]} Ne7
{[%clk 1:27:39]} 8. Qe2 {[%clk 1:29:47]} Nec6 {[%clk 1:13:16]} 9. Nb3
{[%clk 1:29:18]} d6 {[%clk 1:12:43]} 10. Bd2 {[%clk 1:26:05]} Be7
{[%clk 0:51:26]} 11. Rae1 {[%clk 1:25:37]} O-O {[%clk 0:50:22]} 12. f4
{[%clk 1:24:14]} Nd7 {[%clk 0:44:48]} 13. Rf3 {[%clk 1:22:52]} Re8
{[%clk 0:37:28]} 14. Rh3 {[%clk 1:22:52]} g6 {[%clk 0:36:50]} 15. Nd1
{[%clk 1:20:55]} Bf8 {[%clk 0:34:09]} 16. Nf2 {[%clk 1:18:39]} Bg7
{[%clk 0:24:48]} 17. c3 {[%clk 1:15:46]} Nf6 {[%clk 0:21:19]} 18. e5
{[%clk 1:10:15]} Nd5 {[%clk 0:18:58]} 19. exd6 {[%clk 1:01:49]} Qxd6
{[%clk 0:19:23]} 20. Qg4 {[%clk 1:01:52]} Nf6 {[%clk 0:16:56]} 21. Qh4
{[%clk 1:00:30]} h5 {[%clk 0:15:51]} 22. Ne4 {[%clk 0:58:47]} Nxe4
{[%clk 0:15:57]} 23. Bxe4 {[%clk 0:59:11]} Na5 {[%clk 0:11:04]} 24. Bxb7
{[%clk 0:56:41]} Nxb7 {[%clk 0:11:24]} 25. Be3 {[%clk 0:54:33]} Qd5
{[%clk 0:10:45]} 26. g4 {[%clk 0:48:43]} hxg4 {[%clk 0:10:33]} 27. Qxg4
{[%clk 0:48:53]} Rac8 {[%clk 0:03:09]} 28. Bd4 {[%clk 0:46:34]} Nd6
{[%clk 0:01:59]} 29. Qh4 {[%clk 0:43:36]} e5 {[%clk 0:01:14]} 30. Bxe5
{[%clk 0:38:10]} f6 {[%clk 0:01:30]} 31. Bxd6 {[%clk 0:37:10]} Qxd6
{[%clk 0:01:17]} 32. Rhe3 {[%clk 0:35:59]} Rxe3 {[%clk 0:01:21]} 33. Rxe3
{[%clk 0:36:20]} Rc4 {[%clk 0:01:23]} 34. Nd4 {[%clk 0:36:01]} b4
{[%clk 0:00:59]} 35. Qg4 {[%clk 0:34:32]} bxc3 {[%clk 0:00:57]} 36. bxc3
{[%clk 0:31:47]} Rxc3 {[%clk 0:01:00]} 37. Qe6+ {[%clk 0:31:53]} Qxe6
{[%clk 0:01:24]} 38. Rxe6 {[%clk 0:32:03]} Ra3 {[%clk 0:01:00]} 39. f5
{[%clk 0:30:58]} Ra4 {[%clk 0:00:54]} 40. Rd6 {[%clk 0:30:29]} Bf8
{[%clk 0:01:15]} 41. Rxf6 {[%clk 0:28:54]} Bc5 {[%clk 0:30:19]} 42. Rxg6+
{[%clk 1:00:17]} Kf7 {[%clk 0:30:10]} 43. Kf1 {[%clk 1:00:02]} Bxd4
{[%clk 0:30:04]} 44. Rg2 {[%clk 0:52:55]} Kf6 {[%clk 0:29:09]} 45. Rc2
{[%clk 0:50:14]} Kxf5 {[%clk 0:29:18]} 46. Kg2 {[%clk 0:50:29]} Kf4
{[%clk 0:27:06]} 47. Re2 {[%clk 0:50:43]} Rb4 {[%clk 0:27:11]} 48. Re6
{[%clk 0:46:20]} Rb2+ {[%clk 0:26:36]} 49. Kf1 {[%clk 0:46:49]} Rxa2
{[%clk 0:26:02]} 50. h4 {[%clk 0:47:16]} Kf3 {[%clk 0:24:17]} 51. Ke1
{[%clk 0:47:29]} a5 {[%clk 0:24:22]} 52. Kd1 {[%clk 0:47:52]} Be3
{[%clk 0:23:10]} 53. h5 {[%clk 0:46:51]} Rd2+ {[%clk 0:23:22]} 54. Ke1
{[%clk 0:47:14]} Rc2 {[%clk 0:22:43]} 0-1

[Event "WCO2014"]
[Site "Tromso"]
[Date "2014.08.03"]
[Round "2.29"]
[WhiteID "13304372"]
[White "Sargsyan Shushanna"]
[BlackID "10204482"]
[Black "Sultana Sharmin Shirin"]
[Result "1-0"]
[LiveChessVersion "1.4.3"]
[BlackElo "1984"]
[WhiteElo "2109"]

1. c4 {[%clk 1:30:56]} c6 {[%clk 1:30:41]} 2. Nf3 {[%clk 1:30:03]} Nf6
{[%clk 1:30:33]} 3. g3 {[%clk 1:30:25]} d5 {[%clk 1:30:22]} 4. Bg2
{[%clk 1:30:36]} g6 {[%clk 1:27:27]} 5. b3 {[%clk 1:27:57]} Bg7 {[%clk 1:26:39]}
6. Bb2 {[%clk 1:28:19]} O-O {[%clk 1:23:09]} 7. O-O {[%clk 1:27:57]} Bg4
{[%clk 1:15:12]} 8. d3 {[%clk 1:17:25]} Qc8 {[%clk 1:04:34]} 9. Re1
{[%clk 1:17:05]} Bh3 {[%clk 0:52:26]} 10. Bh1 {[%clk 1:16:41]} Na6
{[%clk 0:40:46]} 11. Nbd2 {[%clk 1:14:54]} Rd8 {[%clk 0:35:53]} 12. Rc1
{[%clk 1:13:03]} Qd7 {[%clk 0:31:05]} 13. a3 {[%clk 1:07:50]} Bh6
{[%clk 0:25:08]} 14. Qc2 {[%clk 0:52:15]} Rac8 {[%clk 0:22:17]} 15. Rcd1
{[%clk 0:52:28]} dxc4 {[%clk 0:08:00]} 16. dxc4 {[%clk 0:50:43]} Qf5
{[%clk 0:04:33]} 17. e4 {[%clk 0:44:54]} Qh5 {[%clk 0:04:07]} 18. e5
{[%clk 0:41:54]} Bf5 {[%clk 0:04:36]} 19. Qc3 {[%clk 0:33:58]} Rd3
{[%clk 0:05:02]} 20. Qa5 {[%clk 0:31:07]} Nd7 {[%clk 0:03:31]} 21. Nh4
{[%clk 0:29:23]} Ndc5 {[%clk 0:03:31]} 22. Bf3 {[%clk 0:24:21]} Bg4
{[%clk 0:03:12]} 23. h3 {[%clk 0:22:11]} b6 {[%clk 0:00:41]} 24. Bxg4
{[%clk 0:22:16]} Qg5 {[%clk 0:01:08]} 25. Qxa6 {[%clk 0:21:58]} Nxa6
{[%clk 0:01:33]} 26. Ne4 {[%clk 0:22:24]} Rxd1 {[%clk 0:00:32]} 27. Bxd1
{[%clk 0:22:29]} 1-0

[Event "WCO2014"]
[Site "Tromso"]
[Date "2014.08.03"]
[Round "2.5"]
[WhiteID "10605908"]
[White "Mona Khaled"]
[BlackID "4641833"]
[Black "Paehtz Elisabeth"]
[Result "0-1"]
[LiveChessVersion "1.4.3"]
[BlackElo "2464"]
[WhiteElo "2169"]

1. d4 {[%clk 1:30:19]} Nf6 {[%clk 1:29:11]} 2. e3 {[%clk 1:30:12]} g6
{[%clk 1:29:05]} 3. Bd3 {[%clk 1:30:13]} c5 {[%clk 1:29:10]} 4. Ne2
{[%clk 1:29:53]} Nc6 {[%clk 1:25:21]} 5. c4 {[%clk 1:27:43]} cxd4
{[%clk 1:25:15]} 6. exd4 {[%clk 1:27:57]} d5 {[%clk 1:25:04]} 7. Nbc3
{[%clk 1:27:41]} Bg7 {[%clk 1:24:43]} 8. h3 {[%clk 1:27:33]} O-O {[%clk 1:24:28]}
9. O-O {[%clk 1:27:52]} Nb4 {[%clk 1:22:21]} 10. cxd5 {[%clk 1:24:47]} Nxd3
{[%clk 1:22:32]} 11. Qxd3 {[%clk 1:25:11]} Nxd5 {[%clk 1:22:56]} 12. Nxd5
{[%clk 1:24:47]} Qxd5 {[%clk 1:23:20]} 13. Be3 {[%clk 1:25:12]} Bf5
{[%clk 1:22:12]} 14. Qd2 {[%clk 1:25:28]} Rfd8 {[%clk 1:20:50]} 15. Nc3
{[%clk 1:24:52]} Qc4 {[%clk 1:18:45]} 16. Rfd1 {[%clk 1:24:49]} h5
{[%clk 1:01:36]} 17. Qe2 {[%clk 1:24:28]} Rac8 {[%clk 0:59:15]} 18. Qxc4
{[%clk 1:23:29]} Rxc4 {[%clk 0:59:40]} 19. Rd2 {[%clk 1:23:55]} a6
{[%clk 0:51:45]} 20. Rad1 {[%clk 1:22:30]} b5 {[%clk 0:49:44]} 21. f3
{[%clk 1:19:24]} b4 {[%clk 0:32:55]} 22. Ne4 {[%clk 1:18:01]} Bxe4
{[%clk 0:32:26]} 23. fxe4 {[%clk 1:18:25]} a5 {[%clk 0:27:17]} 24. b3
{[%clk 1:16:40]} Rc3 {[%clk 0:27:38]} 25. Kf2 {[%clk 1:16:52]} a4
{[%clk 0:23:52]} 26. Rb2 {[%clk 1:13:47]} Ra8 {[%clk 0:14:21]} 27. e5
{[%clk 1:10:39]} axb3 {[%clk 0:14:01]} 28. axb3 {[%clk 1:11:05]} f6
{[%clk 0:12:53]} 29. e6 {[%clk 1:09:10]} f5 {[%clk 0:13:07]} 30. Bg5
{[%clk 1:09:20]} Kf8 {[%clk 0:11:15]} 31. d5 {[%clk 1:09:13]} Be5
{[%clk 4:21:09]} 32. Bd2 {[%clk 1:05:19]} Rcc8 {[%clk 0:10:23]} 33. Rbb1
{[%clk 1:04:47]} Ra2 {[%clk 0:10:14]} 34. Ke2 {[%clk 0:58:29]} Kg7
{[%clk 0:05:23]} 35. Kd3 {[%clk 0:55:17]} Bd6 {[%clk 0:02:44]} 36. Ra1
{[%clk 0:55:03]} Rac2 {[%clk 0:02:19]} 37. Ra4 {[%clk 0:53:59]} Rb2
{[%clk 0:02:33]} 38. Ke2 {[%clk 0:50:50]} Rxb3 {[%clk 0:02:03]} 39. Rc1
{[%clk 0:51:12]} Rxc1 {[%clk 0:02:20]} 40. Bxc1 {[%clk 0:51:41]} Kf6
{[%clk 0:01:58]} 41. Ra5 {[%clk 0:47:39]} f4 {[%clk 0:01:48]} 42. Ra8
{[%clk 0:44:07]} Ke5 {[%clk 0:01:40]} 43. Rg8 {[%clk 0:44:31]} Rg3
{[%clk 0:01:46]} 44. Rd8 {[%clk 0:44:34]} Rxg2+ {[%clk 0:01:33]} 45. Kf1
{[%clk 0:44:50]} Rc2 {[%clk 0:01:42]} 0-1

[Event "WCO2014"]
[Site "Tromso"]
[Date "2014.08.03"]
[Round "2.6"]
[WhiteID "4671660"]
[White "Schleining Zoya"]
[BlackID "10609970"]
[Black "Wafa Shrook"]
[Result "0-1"]
[LiveChessVersion "1.4.3"]
[BlackElo "2065"]
[WhiteElo "2369"]

1. d4 {[%clk 1:30:56]} Nf6 {[%clk 1:30:51]} 2. c4 {[%clk 1:31:20]} e6
{[%clk 1:31:12]} 3. Nc3 {[%clk 1:31:18]} Bb4 {[%clk 1:31:27]} 4. g3
{[%clk 1:31:14]} Qe7 {[%clk 1:29:30]} 5. Bg2 {[%clk 1:29:55]} O-O
{[%clk 1:29:13]} 6. Nf3 {[%clk 1:25:01]} Bxc3+ {[%clk 1:24:52]} 7. bxc3
{[%clk 1:22:07]} d6 {[%clk 1:24:55]} 8. c5 {[%clk 1:17:22]} dxc5 {[%clk 1:21:29]}
9. Ba3 {[%clk 1:17:22]} Na6 {[%clk 1:21:18]} 10. O-O {[%clk 1:13:17]} Rd8
{[%clk 1:18:32]} 11. Qc2 {[%clk 1:06:58]} Nd7 {[%clk 1:12:57]} 12. Rfd1
{[%clk 1:05:18]} Re8 {[%clk 1:09:39]} 13. Nd2 {[%clk 1:01:19]} Qf6
{[%clk 0:58:01]} 14. Ne4 {[%clk 0:55:03]} Qg6 {[%clk 0:56:35]} 15. Qa4
{[%clk 0:47:06]} cxd4 {[%clk 0:51:24]} 16. cxd4 {[%clk 0:34:09]} Rb8
{[%clk 0:32:32]} 17. Rac1 {[%clk 0:25:08]} b5 {[%clk 0:30:35]} 18. Qa5
{[%clk 0:22:19]} b4 {[%clk 0:26:19]} 19. Bb2 {[%clk 0:22:33]} Qf5
{[%clk 0:24:40]} 20. Qa4 {[%clk 0:19:52]} Qb5 {[%clk 0:24:43]} 21. Qxb5
{[%clk 0:15:35]} Rxb5 {[%clk 0:25:06]} 22. Nd2 {[%clk 0:15:23]} Bb7
{[%clk 0:24:38]} 23. Bxb7 {[%clk 0:14:14]} Rxb7 {[%clk 0:25:00]} 24. Nb3
{[%clk 0:14:34]} h6 {[%clk 0:22:10]} 25. e4 {[%clk 0:11:38]} Rb5 {[%clk 0:18:36]}
26. f3 {[%clk 0:10:59]} c5 {[%clk 0:17:08]} 27. Rc2 {[%clk 0:07:54]} cxd4
{[%clk 0:13:17]} 28. Bxd4 {[%clk 0:07:59]} Nb6 {[%clk 0:11:46]} 29. Be3
{[%clk 0:06:29]} e5 {[%clk 0:09:29]} 30. Kf2 {[%clk 0:05:11]} Re7
{[%clk 0:09:16]} 31. Rd8+ {[%clk 0:03:33]} Kh7 {[%clk 0:09:31]} 32. Rc6
{[%clk 0:02:41]} f6 {[%clk 0:07:33]} 33. g4 {[%clk 0:02:30]} Rc7 {[%clk 0:07:16]}
34. Rxc7 {[%clk 0:01:55]} Nxc7 {[%clk 0:07:35]} 35. Bxb6 {[%clk 0:02:02]} Rxb6
{[%clk 0:07:42]} 36. Rc8 {[%clk 0:01:37]} Nb5 {[%clk 0:07:24]} 37. Rc4
{[%clk 0:00:52]} Nc3 {[%clk 0:06:57]} 38. Nc1 {[%clk 0:00:48]} a5
{[%clk 0:06:46]} 39. Ke3 {[%clk 0:00:48]} a4 {[%clk 0:06:16]} 40. Kd3
{[%clk 0:00:49]} Nd1 {[%clk 0:06:05]} 41. Ke2 {[%clk 0:00:39]} b3
{[%clk 0:04:07]} 42. axb3 {[%clk 0:29:18]} axb3 {[%clk 0:34:58]} 43. Nxb3
{[%clk 0:27:55]} Rxb3 {[%clk 0:35:21]} 44. Kxd1 {[%clk 0:28:20]} Rxf3
{[%clk 0:35:43]} 45. Ke2 {[%clk 0:25:50]} Rh3 {[%clk 0:36:00]} 46. Kf2
{[%clk 0:25:10]} Rxh2+ {[%clk 0:36:23]} 47. Kg3 {[%clk 0:25:31]} Ra2
{[%clk 0:36:40]} 48. Rc7 {[%clk 0:23:11]} Ra3+ 49. Kf2 {[%clk 0:23:27]} Kg6
{[%clk 0:36:53]} 50. Rb7 {[%clk 0:23:49]} Rh3 {[%clk 0:36:53]} 51. Ra7
{[%clk 0:24:06]} h5 {[%clk 0:37:14]} 52. gxh5+ {[%clk 0:24:03]} Rxh5
{[%clk 0:37:38]} 53. Kg3 {[%clk 0:24:20]} Rg5+ {[%clk 0:37:55]} 54. Kf3
{[%clk 0:24:43]} Kh5 {[%clk 0:37:35]} 55. Rb7 {[%clk 0:23:25]} Rg1
{[%clk 0:37:49]} 56. Kf2 {[%clk 0:23:32]} Rg4 {[%clk 0:38:10]} 57. Kf3
{[%clk 0:23:53]} Kh4 {[%clk 0:38:04]} 58. Rf7 {[%clk 0:23:01]} Rf4+
{[%clk 0:38:26]} 59. Ke3 {[%clk 0:23:25]} g5 {[%clk 0:38:45]} 60. Rh7+
{[%clk 0:21:28]} Kg3 {[%clk 0:39:08]} 61. Rh6 {[%clk 0:21:25]} g4
{[%clk 0:39:24]} 62. Rg6 {[%clk 0:21:28]} Kg2 {[%clk 0:39:35]} 63. Rg8
{[%clk 0:19:18]} g3 {[%clk 0:39:57]} 64. Rg6 {[%clk 0:19:25]} Kh2
{[%clk 0:40:10]} 65. Rh6+ {[%clk 0:19:47]} Kg1 {[%clk 0:40:32]} 66. Rh8
{[%clk 0:18:20]} g2 {[%clk 0:40:54]} 67. Ra8 {[%clk 0:17:41]} Kh2
{[%clk 0:41:18]} 0-1

[Event "WCO2014"]
[Site "Tromso"]
[Date "2014.08.03"]
[Round "2.7"]
[WhiteID "10615873"]
[White "Moaataz Ayah"]
[BlackID "14102145"]
[Black "Melamed Tatjana"]
[Result "1/2-1/2"]
[LiveChessVersion "1.4.3"]
[BlackElo "2364"]
[WhiteElo "1954"]

1. c4 {[%clk 1:30:58]} g6 {[%clk 1:30:36]} 2. g3 {[%clk 1:31:15]} Bg7
{[%clk 1:30:49]} 3. Nc3 {[%clk 1:31:38]} e5 {[%clk 1:30:00]} 4. Bg2
{[%clk 1:32:01]} d6 {[%clk 1:29:39]} 5. d3 {[%clk 1:32:23]} f5 {[%clk 1:27:18]}
6. e4 {[%clk 1:32:13]} Nf6 {[%clk 1:23:26]} 7. Bg5 {[%clk 1:31:03]} c6
{[%clk 1:18:16]} 8. Nge2 {[%clk 1:30:28]} h6 {[%clk 1:15:22]} 9. Bxf6
{[%clk 1:30:51]} Qxf6 {[%clk 1:15:43]} 10. b4 {[%clk 1:29:47]} f4
{[%clk 1:13:38]} 11. f3 {[%clk 1:28:51]} O-O {[%clk 1:09:14]} 12. Rb1
{[%clk 1:18:20]} Na6 {[%clk 1:02:59]} 13. O-O {[%clk 1:11:42]} fxg3
{[%clk 0:53:40]} 14. hxg3 {[%clk 1:10:34]} Nc7 {[%clk 0:52:50]} 15. f4
{[%clk 1:04:25]} Bg4 {[%clk 0:49:16]} 16. Qd2 {[%clk 1:00:43]} Ne6
{[%clk 0:44:43]} 17. Bf3 {[%clk 0:42:19]} Bxf3 {[%clk 0:39:20]} 18. Rxf3
{[%clk 0:42:41]} Ng5 {[%clk 0:39:28]} 19. Rff1 {[%clk 0:42:38]} exf4
{[%clk 0:39:48]} 20. gxf4 {[%clk 0:42:55]} Nh3+ {[%clk 0:39:38]} 21. Kg2
{[%clk 0:27:45]} Qh4 {[%clk 0:31:46]} 22. Qe3 {[%clk 0:18:06]} Nxf4+
{[%clk 0:19:31]} 23. Rxf4 {[%clk 0:18:19]} Rxf4 {[%clk 0:16:20]} 24. Qxf4
{[%clk 0:18:37]} Qxf4 {[%clk 0:16:28]} 25. Nxf4 {[%clk 0:19:01]} Bxc3
{[%clk 0:16:25]} 26. Nxg6 {[%clk 0:19:24]} Kh7 {[%clk 0:12:32]} 27. Ne7
{[%clk 0:19:16]} Re8 {[%clk 0:10:06]} 28. Nf5 {[%clk 0:19:23]} Re6
{[%clk 0:09:05]} 29. Kf3 {[%clk 0:16:15]} Rf6 {[%clk 0:06:42]} 30. d4
{[%clk 0:13:08]} Bxd4 {[%clk 0:05:37]} 31. c5 {[%clk 0:09:43]} d5
{[%clk 0:03:54]} 32. Kf4 {[%clk 0:09:41]} Bc3 {[%clk 0:02:59]} 33. Rb3
{[%clk 0:08:46]} d4 {[%clk 0:02:25]} 34. e5 {[%clk 0:07:43]} Rg6 {[%clk 0:02:08]}
35. b5 {[%clk 0:06:12]} Bd2+ {[%clk 0:01:13]} 36. Kf3 {[%clk 0:06:20]} Rg5
{[%clk 0:01:25]} 37. Nxd4 {[%clk 0:06:15]} Rxe5 {[%clk 0:01:20]} 38. bxc6
{[%clk 0:06:32]} bxc6 {[%clk 0:01:45]} 39. Nxc6 {[%clk 0:06:30]} Rxc5
{[%clk 0:01:53]} 40. Rb7+ {[%clk 0:04:31]} Kg6 {[%clk 0:02:03]} 41. Nxa7
{[%clk 0:04:44]} Ra5 {[%clk 0:01:15]} 42. Rb6+ {[%clk 0:04:27]} Kg5
{[%clk 0:00:44]} 43. Rb5+ {[%clk 0:04:38]} Rxb5 {[%clk 0:01:00]} 44. Nxb5
{[%clk 0:05:01]} h5 {[%clk 0:00:36]} 45. Kg3 {[%clk 0:04:59]} 1/2-1/2

[Event "WCO2014"]
[Site "Tromso"]
[Date "2014.08.03"]
[Round "2.8"]
[WhiteID "24606812"]
[White "Hoolt Sarah"]
[BlackID "10609962"]
[Black "Wafa Shahenda"]
[Result "1-0"]
[LiveChessVersion "1.4.3"]
[BlackElo "1932"]
[WhiteElo "2318"]

1. e4 {[%clk 1:30:58]} c5 {[%clk 1:30:54]} 2. Nf3 {[%clk 1:31:24]} Nc6
{[%clk 1:31:15]} 3. d4 {[%clk 1:31:50]} cxd4 {[%clk 1:31:35]} 4. Nxd4
{[%clk 1:32:18]} Nf6 {[%clk 1:31:22]} 5. Nc3 {[%clk 1:32:43]} e5 {[%clk 1:31:24]}
6. Ndb5 {[%clk 1:33:07]} d6 {[%clk 1:31:38]} 7. Bg5 {[%clk 1:33:32]} a6
{[%clk 1:31:15]} 8. Na3 {[%clk 1:33:58]} b5 {[%clk 1:31:38]} 9. Bxf6
{[%clk 1:34:24]} gxf6 {[%clk 1:31:39]} 10. Nd5 {[%clk 1:34:49]} Bg7
{[%clk 1:30:35]} 11. Bd3 {[%clk 1:32:12]} Be6 {[%clk 1:29:37]} 12. Qf3
{[%clk 1:26:11]} O-O {[%clk 1:22:49]} 13. c3 {[%clk 1:24:25]} Rb8
{[%clk 1:08:52]} 14. O-O {[%clk 1:20:37]} b4 {[%clk 1:00:34]} 15. Nc4
{[%clk 1:19:02]} Bxd5 {[%clk 0:57:15]} 16. exd5 {[%clk 1:19:10]} Ne7
{[%clk 0:56:52]} 17. Ne3 {[%clk 1:14:44]} Qc8 {[%clk 0:53:12]} 18. Rac1
{[%clk 0:54:19]} bxc3 {[%clk 0:50:46]} 19. Rxc3 {[%clk 0:53:52]} Qd7
{[%clk 0:50:15]} 20. Bf5 {[%clk 0:48:26]} Qa4 {[%clk 0:41:23]} 21. Qh5
{[%clk 0:44:56]} h6 {[%clk 0:37:31]} 22. Nc4 {[%clk 0:33:46]} Nxd5
{[%clk 0:15:38]} 23. Rg3 {[%clk 0:32:14]} Ne7 {[%clk 0:14:43]} 24. Nxd6
{[%clk 0:31:27]} Qf4 {[%clk 0:13:18]} 25. Rg4 {[%clk 0:31:02]} Qd2
{[%clk 0:11:02]} 26. Ne4 {[%clk 0:31:17]} Qxb2 {[%clk 0:08:52]} 27. Qxh6
{[%clk 0:29:08]} Ng6 {[%clk 0:03:49]} 28. Nxf6+ {[%clk 0:29:20]} Bxf6
{[%clk 0:02:36]} 29. Bxg6 {[%clk 0:29:45]} 1-0